00622naa a2200145 i 45000010005000000030009000050050017000140080039000310400021000700800007000911000137000982450082002356500013003177730146003309248KOSZ 00520180410121713.0151123s1995 pl n f |000 0pol cBPKdKOSZ 005/EG a371 aSKRZYPNIAK, Ryszard.d1992 - 1996.bWyższa Szkoła Inżynierska w Koszalinie - Wydział Mechaniczny,cKatedra Nauk Pedagogicznych10aRodzina zróżnicowana liczbą dzieci w literaturze /cRyszard Skrzypniak. 0aRodzina.0 tRodzina, wychowanie, nauczanie : praca zbiorowa. T. 2 / pod red. Henryka Pielki. -dKoszalin : Wydaw. Uczelniane WSI, 1995. -gs. 31-50iW :